R on the application of Westminster CC v SoS Environment Transport and the Regions and Market Cafe plc (Record no. 70238)

MARC details
000 -LEADER
fixed length control field 01014cam a2200181 4500
001 - CONTROL NUMBER
control field x117931
008 - FIXED-LENGTH DATA ELEMENTS--GENERAL INFORMATION
fixed length control field 020510n2002 000 0 eng u
035 ## - SYSTEM CONTROL NUMBER
System control number (Sirsi) u117931
245 ## - TITLE STATEMENT
Title R on the application of Westminster CC v SoS Environment Transport and the Regions and Market Cafe plc
260 ## - PUBLICATION, DISTRIBUTION, ETC.
Date of publication, distribution, etc. 2002
490 ## - SERIES STATEMENT
Series statement Journal of Planning and Environment Law
Volume/sequential designation [2002] JPL 58-72(15)
520 ## - SUMMARY, ETC.
Summary, etc. Town and Country Planning Act 1990 s55. Meaning of building. Inspector followed decisio at first instance in Skerrits of Nottingham Ltd v SoS Environment Transport and the Regions and not CA decision. Planning (Listed Buildings and Conservation Areas) Act 1990. Purpose of annexation. (Taken from abstract)
650 ## - SUBJECT ADDED ENTRY--TOPICAL TERM
Topical term or geographic name entry element RR ON APPLICATION OF WESTMINSTER CC V SOS ENVIRONMENT TRANSPORT AND REGIONS AND MARKET CAFE PLC
650 ## - SUBJECT ADDED ENTRY--TOPICAL TERM
Topical term or geographic name entry element TOWN AND COUNTRY PLANNING ACT 1990 S55
650 ## - SUBJECT ADDED ENTRY--TOPICAL TERM
Topical term or geographic name entry element PLANNING (LISTED BUILDINGS AND CONSERVATION AREAS) ACT 1990
690 ## - LOCAL SUBJECT ADDED ENTRY--TOPICAL TERM (OCLC, RLIN)
Topical term or geographic name as entry element Planning and development
9 (RLIN) 6259
942 ## - ADDED ENTRY ELEMENTS (KOHA)
Suppress in OPAC 0
Holdings
Withdrawn status Lost status Source of classification or shelving scheme Damaged status Not for loan Home library Current library Shelving location Date acquired Total Checkouts Full call number Barcode Date last seen Copy number Price effective from Koha item type
    Dewey Decimal Classification     London London Journal article 10/05/2002   X117931 117931-1001 06/08/2019 1 06/08/2019 Journal article